India's greatest speeches / (Record no. 167750)

MARC details
000 -LEADER
fixed length control field 00582nam a22001817a 4500
005 - DATE AND TIME OF LATEST TRANSACTION
control field 20190918145919.0
010 ## - LCCN (DPL NO)
LC control number ENG-126487
020 ## - INTERNATIONAL STANDARD BOOK NUMBER
Terms of availability 195.00
International Standard Book Number 9789381841471
035 ## - SYSTEM CONTROL NUMBER
System control number EN-110019
037 ## - SOURCE OF ACQUISITION
Source of stock number/acquisition DBAD/PUB
082 ## - DEWEY DECIMAL CLASSIFICATION NUMBER
Classification number 934
100 ## - MAIN ENTRY--PERSONAL NAME
Personal name Agarwal ,Nitin
245 ## - TITLE STATEMENT
Title India's greatest speeches /
Statement of responsibility, etc By Nitin Agarwal
260 ## - PUBLICATION, DISTRIBUTION, ETC. (IMPRINT)
Place of publication, distribution, etc New Delhi
Name of publisher, distributor, etc Grapevine India Publishers
Date of publication, distribution, etc 2014
270 ## - ADDRESS
City New Delhi
Address 16 ,Shanti Mohan House ,Ansari Road ,Darya Ganj
Postal code 110002
Electronic mail address grapevineindiapublishers@gmail.com
300 ## - PHYSICAL DESCRIPTION
Extent 325p.
Dimensions 20cm(pbk)
942 ## - ADDED ENTRY ELEMENTS (KOHA)
Source of classification or shelving scheme Dewey Decimal Classification
Item type English Books
Classification part 934
Call number suffix AGA
Holdings
Withdrawn status Lost status Not for loan Collection code Home library Current library Date acquired Source of acquisition Cost, normal purchase price Full call number Barcode Copy number Cost, replacement price Koha item type
      Non-fiction Central Library Central Library 18/09/2019 DBAD/PUB 195.00 934 AGA EN-110019 1 195.00 English Books

© Delhi Public Library
Hit Counter
free hit counter